000 00340nam a2200145Ia 4500
005 20251222143252.0
008 251222s9999||||xx |||||||||||||| ||spa||
020 _a88-7715-202-8
082 _a455.04/S55/T.1
100 _aSilvestrini, Marcello
245 0 _aL'italiano e L'Italia:
250 _a3a.ed.
264 _bRoma
942 _cLIB
999 _c14980
_d14980